000 00289nam a2200121Ia 4500
008 190216s9999||||xx |||||||||||||| ||und||
100 _aBakshi. Ak
245 0 _aText Book For Class Xii
260 _bNcrt - Newdelhi
_c2003
300 _a384
650 _aChemistry-Chemistry
942 _cREF
999 _c36706
_d36706